000 00823nam a2200277Ia 4500
003 OSt
005 20220912144925.0
006 a|||||r|||| 00| 0
007 ta
008 220909b |||||||| |||| 00| 0 eng d
024 _a68336
037 _cTextual
040 _aCSL
_beng
_cCSL
041 _aeng
082 _aD65,8(B)p1,N84, M5
100 _aBlakley G R Ed.
111 _aSymposium on advances in cryptology (1984 : California)
245 0 _aProceeding on advances in cryptology
260 _aBerlin
_bSpringer Verlag
_c1985
300 _aix, 491p.
_ccm.
490 _aLecture notes in computer science; 196
650 _aComputer science
700 _a Chaum David Ed.
942 _hD65,8(B)p1,N84, M5
_cTEXL
_2CC
999 _c19141
_d19141